[Event "Arapiraca Lopez Memorial 1st"]
[Site "Arapiraca"]
[Date "2016.??.??"]
[Round "1"]
[White "Da Fonseca, Douglas Barbosa"]
[Black "De Lima, Alexsandro Barros"]
[Result "0-1"]
[WhiteElo "1800"]
[BlackElo "1956"]
[PlyCount "40"]
[EventDate "2016.07.16"]
[EventType "swiss"]
[EventRounds "6"]
[EventCountry "BRA"]
[SourceTitle "EXT 2017"]
[Source "ChessBase"]
[SourceDate "2016.10.25"]
[SourceVersion "1"]
[SourceVersionDate "2016.10.25"]
[SourceQuality "1"]

1. e4 c5 2. Nf3 e6 3. d3 a6 4. Nc3 Nc6 5. Bd2 d5 6. exd5 exd5 7. h3 Nf6 8. Bg5 Be7 9. Qe2 0-0 10. 0-0-0 b5 11. a3 Be6 12. b3 Qa5 13. Nb1 c4 14. Bxf6 Bxf6 15. d4 cxb3 16. cxb3 Rac8 17. Kb2 Bf5 18. Qe1 Nxd4 19. Qxa5 Rc2+ 20. Ka1 Nxb3# 0-1